000 00813nam a2200241 i 4500
001 44696
003 ES-MaACL
005 20250828114019.0
007 t|
008 030324s1968 sp ||||1| spa d
080 _a84.0(493)-312.6"19"
100 1 _aClaude, Robert.
_939080
245 1 4 _aUna piedra en el zapato
_b: diario de un inválido de 16 años /
_cRoberto Claude, Luis Sarot ; [versión de Jaime Muñoz Anatol].
260 _aBilbao :
_bDesclée de Brouwer,
_c1968.
300 _a164 p. ;
_c19 cm.
490 1 _aEducación y familia)
700 1 _aSarot, Luis.
_9103842
700 1 _aMuñoz Anatol, Jaime.
_984353
830 1 0 _aColección educación y familia (Desclée de Brouwer)
_9182029
852 4 _aES-MaACL
_jC-35490
852 4 _aES-MaACL
_jC-51076
999 _c44696
_d44696